Gyermekgyógyászat a hazugság szorításában
Elmentve itt :
| Szerző: | |
|---|---|
| Adatforrás: | Meister |
| Forrásdokumentuma: | Korunk. - 4 sz., 1990, 483-487 p. |
| Nyelv: | magyar |
| Kulcsszavak: | orvosszociológia román egészségügy Románia |
| LEADER | 00403nab a2200145 i 4500 | ||
|---|---|---|---|
| 001 | bibPRO00001654 | ||
| 008 | 060524s1990 xx hun | ||
| 040 | |a Sz1 | ||
| 041 | |a hun | ||
| 100 | 1 | |a ROTH Terézia | |
| 245 | 1 | 0 | |a Gyermekgyógyászat a hazugság szorításában |c ROTH Terézia |
| 695 | |a orvosszociológia | ||
| 695 | |a román egészségügy | ||
| 695 | |a Románia | ||
| 773 | 0 | |t Korunk. - |g 4 sz., 1990, 483-487 p. | |